Khảo sát tính kháng rầy nâu (Nilaparvata lugens Stal) trên 34 giống/dòng lúa (Oryza sativa L.) bầng hai dấu phân tử RG457 và RM190 : Luận văn thạc sĩ khoa học chuyên ngành công nghệ sinh học

Khảo sát tính kháng rầy nâu trên một số giống lúa Oryza sativa L bằng hai dấu phân tử kết hợp với phương pháp đánh giá hột mạ

में बचाया:
ग्रंथसूची विवरण
मुख्य लेखक: Nguyễn, Thị Diễm Thúy
स्वरूप: पुस्तक
भाषा:Undetermined
प्रकाशित: Cần Thơ Trường Đại học Cần Thơ 2011
विषय:
टैग : टैग जोड़ें
कोई टैग नहीं, इस रिकॉर्ड को टैग करने वाले पहले व्यक्ति बनें!
Thư viện lưu trữ: Trung tâm Học liệu Trường Đại học Cần Thơ
LEADER 01137nam a2200229Ia 4500
001 CTU_171075
008 210402s9999 xx 000 0 und d
082 |a 633.18 
082 |b Th523 
088 |a 60420201 
100 |a Nguyễn, Thị Diễm Thúy 
245 0 |a Khảo sát tính kháng rầy nâu (Nilaparvata lugens Stal) trên 34 giống/dòng lúa (Oryza sativa L.) bầng hai dấu phân tử RG457 và RM190 : 
245 0 |b Luận văn thạc sĩ khoa học chuyên ngành công nghệ sinh học 
245 0 |c Nguyễn Thị Diễm Thuý ; Trần Nhân Dũng, Lê Vĩnh Thúc (Hướng dẫn khoa học) 
260 |a Cần Thơ 
260 |b Trường Đại học Cần Thơ 
260 |c 2011 
520 |a Khảo sát tính kháng rầy nâu trên một số giống lúa Oryza sativa L bằng hai dấu phân tử kết hợp với phương pháp đánh giá hột mạ 
650 |a Lúa,Rice 
650 |x Nghiên cứu,Research 
904 |i Mai, Hải 
980 |a Trung tâm Học liệu Trường Đại học Cần Thơ